000 00613nam a22002177a 4500
003 OSt
005 20260624122311.0
008 260624b |||||||| |||| 00| 0 eng d
040 _cChuka University Library
050 _aTA 405
_b.H53 2014
100 _aHibbeler, R. C.
_926785
245 _aMechanics of Materials
250 _aNinth
260 _aBoston
_bPrentice Hall
_c2014
300 _a879p
_bColoured Illustrations
650 _aMaterials
_911003
650 _aMechanics, Applied
650 _aStrength of materials
_929417
650 _aStructural Analysis(Engineering)
_931077
942 _2lcc
_cBK
_n0
999 _c25158
_d25158